[Event "Tourn. n10159"]
[Site "www.echecsemail.com"]
[Date "2019.08.19"]
[Round "1"]
[White "Asoka"]
[Black "Pdebonis"]
[WhiteElo "2750"]
[BlackElo "2730"]
[Result "1/2-1/2"]
[Round "1"]
1.d4 Ng8f6
2.c4 e6
3.Nb1c3 Bf8b4
4.Qd1c2 O-O
5.Bc1g5 c5
6.Ng1f3 cxd4
7.Nf3xd4 Nb8c6
8.Nd4xc6 bxc6
9.e3 h6
10.Bg5h4 d5
11.a3 Qd8a5
12.Ra1c1 Bb4d6
13.Bf1e2 Nf6e4
14.b4 Qa5xa3
15.Nc3xe4 dxe4
16.O-O Qa3xb4
17.c5 Bd6e5
18.Rc1b1 Qb4c3
{ draw }
1/2-1/2

[Event "Match"]
[Site "www.echecsemail.com"]
[Date "2019.08.20"]
[Round "1"]
[White "Apdash"]
[Black "Numanoid"]
[WhiteElo "2220"]
[BlackElo "2780"]
[Result "0-1"]
[Round "1"]
1.e4 e6
2.d4 d5
3.e5 c5
4.c3 Nb8c6
5.Bf1b5 Bc8d7
6.Ng1e2 Nc6xe5
7.Bb5xd7 Ne5xd7
8.O-O Ng8f6
9.Bc1g5 Bf8e7
10.f4 h6
11.Bg5h4 Nf6e4
12.Bh4xe7 Qd8xe7
13.Nb1d2 Ne4xd2
14.Qd1xd2 Nd7f6
15.f5 O-O
16.fxe6 fxe6
17.Ra1e1 Nf6e4
18.Qd2e3 Rf8xf1
19.Re1xf1 Ra8f8
20.Ne2g3 Rf8xf1
21.Kxf1 Qe7f6
22.Kg1 cxd4
23.cxd4 Ne4xg3
24.hxg3 Qf6f5
25.Kh2 Kh7
26.Qe3a3 Qf5h5
27.Kg1 Qh5d1
28.Kh2 Qd1xd4
29.Qa3e7 Qd4b6
30.b3 Qb6c6
31.g4 d4
32.g5 hxg5
33.Qe7xg5 Qc6d5
34.Qg5xd5 exd5
35.Kg3 g5
36.Kf3 Kg6
37.Ke2 Kf5
38.Kd3 Ke5
39.g3 b5
40.b4 g4
41.a3 a6
{ resign }
0-1

[Event "Tourn. n10193"]
[Site "www.echecsemail.com"]
[Date "2019.08.20"]
[Round "1"]
[White "Fantomas"]
[Black "Bojan"]
[WhiteElo "2140"]
[BlackElo "2040"]
[Result "1-0"]
[Round "1"]
1.e4 e5
2.Ng1f3 d6
3.d4 exd4
4.Nf3xd4 Bc8d7
5.Nb1c3 Nb8c6
6.Bc1e3 Qd8f6
7.Bf1e2 g6
8.Nd4xc6 Bd7xc6
9.Be3d4 Qf6g5
10.Bd4xh8 Qg5xg2
11.Be2f3 Qg2h3
12.Bh8d4 a6
13.Qd1e2 Bf8h6
14.Bd4e3 Bh6g7
15.Be3d2 O-O-O
16.Bf3g4 Qh3xg4
17.Qe2xg4 Bc6d7
18.Qg4f3 f6
19.O-O-O h5
20.Qf3e3 b6
21.Qe3d3 Kb7
22.Nc3d5 Rd8e8
23.f3 f5
24.Rh1g1 Bd7b5
25.c4 Bb5d7
26.Rg1xg6 Bg7e5
27.h4 c6
28.Nd5c3 f4
29.Nc3e2 Re8f8
30.Rd1g1 Ng8e7
31.Rg6g5 Bd7e8
32.Bd2c3 Be5xc3
33.Qd3xc3 { resign }
1-0

[Event "Tourn. n10177"]
[Site "www.echecsemail.com"]
[Date "2019.08.20"]
[Round "1"]
[White "Bojan"]
[Black "Esperanza"]
[WhiteElo "1960"]
[BlackElo "1980"]
[Result "0-1"]
[Round "1"]
1.e4 e5
2.Ng1f3 Nb8c6
3.c4 Bf8c5
4.Nb1c3 Ng8f6
5.a3 a5
6.d3 O-O
7.Bc1g5 Bc5e7
8.Bf1e2 d6
9.Bg5e3 h6
10.h3 Bc8e6
11.Nf3h2 Nf6h7
12.Nc3d5 f5
13.Nd5xe7 Qd8xe7
14.Be2f3 f4
15.Be3d2 Nc6d4
16.Bd2c3 c5
17.Bf3g4 Nh7f6
18.Bg4xe6 Qe7xe6
19.b4 axb4
20.axb4 Ra8xa1
21.Bc3xa1 Rf8a8
22.O-O g5
23.bxc5 dxc5
24.g3 Qe6xh3
25.Ba1xd4 cxd4
26.g4 Ra8a3
27.f3 Ra3a2
28.Rf1f2 Qh3g3
{ resign }
0-1

[Event "Tourn. n10182"]
[Site "www.echecsemail.com"]
[Date "2019.08.20"]
[Round "1"]
[White "Odin"]
[Black "Churrasca"]
[WhiteElo "1850"]
[BlackElo "1980"]
[Result "0-1"]
[Round "1"]
1.e4 c5
2.Bf1c4 e6
3.Ng1f3 d6
4.d3 Ng8f6
5.Bc1g5 Bf8e7
6.Nb1c3 O-O
7.O-O Nb8d7
8.Bg5h4 h6
9.Rf1e1 a6
10.a4 b6
11.e5 dxe5
12.Nf3xe5 Nd7xe5
13.Bc4a2 Bc8b7
 { time }
0-1

[Event "Match"]
[Site "www.echecsemail.com"]
[Date "2019.08.20"]
[Round "1"]
[White "Andychesston"]
[Black "Zubarev"]
[WhiteElo "2010"]
[BlackElo "1739"]
[Result "1-0"]
[Round "1"]
1.e4 e5
2.Ng1f3 Nb8c6
3.d4 exd4
4.Nf3xd4 Ng8e7
5.Bf1e2 Nc6xd4
6.Qd1xd4 Ne7c6
7.Qd4a4 d6
8.Nb1c3 Bc8d7
9.O-O Bf8e7
10.Bc1e3 O-O
11.Be2b5 a6
12.Bb5xc6  { time }
1-0

[Event "Tourn. n10186"]
[Site "www.echecsemail.com"]
[Date "2019.08.21"]
[Round "1"]
[White "Cal"]
[Black "Fabos12"]
[WhiteElo "1690"]
[BlackElo "1780"]
[Result "1-0"]
[Round "1"]
1.c4 c5
2.Nb1c3 e6
3.e4 Nb8c6
4.d3 Ng8f6
5.Ng1f3 Bf8e7
6.a3 O-O
7.h3 Qd8c7
{ time. }
1-0

[Event "Tourn. n10185"]
[Site "www.echecsemail.com"]
[Date "2019.08.21"]
[Round "1"]
[White "D4minance"]
[Black "Conde7"]
[WhiteElo "2840"]
[BlackElo "2870"]
[Result "1/2-1/2"]
[Round "1"]
1.d4 Ng8f6
2.c4 e6
3.Ng1f3 Bf8b4
4.Bc1d2 Bb4e7
5.Nb1c3 d5
6.Bd2f4 O-O
7.e3 Nb8d7
8.c5 Nf6h5
9.Bf1d3 Nh5xf4
10.exf4 b6
11.b4 a5
12.a3 c6
13.O-O Bc8a6
14.Bd3xa6 Ra8xa6
15.Qd1e2 Qd8a8
16.b5 cxb5
17.Qe2xb5 Ra6a7
18.c6 Nd7b8
19.Rf1c1 Ra7c7
20.Nf3e5 Be7d6
21.Nc3a4 Qa8a6
22.Qb5xa6 Nb8xa6
23.Na4xb6 Na6b8
24.h4 h5
25.g3 Rf8d8
26.Kg2 f6
27.Nb6a8 Bd6xe5
28.fxe5 Rc7xc6
29.exf6 gxf6
30.Na8c7 Kf7
31.Ra1b1 Rd8c8
32.Rb1xb8 Rc8xc7
33.Rc1xc6 Rc7xc6
34.Rb8a8 Rc6c4
{ draw }
1/2-1/2

[Event "Match"]
[Site "www.echecsemail.com"]
[Date "2019.08.21"]
[Round "1"]
[White "Zubarev"]
[Black "Picifarkinca"]
[WhiteElo "1739"]
[BlackElo "1730"]
[Result "0-1"]
[Round "1"]
1.a3 Ng8f6
2.Nb1c3 d5
3.d4 c6
4.Ng1f3 Nb8d7
5.e3 g6
6.Bf1d3 Qd8c7
7.O-O e5
8.dxe5 Nd7xe5
9.Nf3xe5 Qc7xe5
10.f4 Qe5h5
11.Qd1xh5 Nf6xh5
 { time }
0-1

[Event "Tourn. n10186"]
[Site "www.echecsemail.com"]
[Date "2019.08.21"]
[Round "1"]
[White "Picifarkinca"]
[Black "Cal"]
[WhiteElo "1720"]
[BlackElo "1670"]
[Result "0-1"]
[Round "1"]
1.d4 d5
2.c4 e6
3.Nb1c3 h6
4.cxd5 exd5
5.Bc1f4 Nb8c6
6.e3 a6
7.Bf1d3 Ng8f6
8.Ng1e2 Bf8b4
9.O-O Bc8g4
 { time }
0-1

[Event "Match"]
[Site "www.echecsemail.com"]
[Date "2019.08.21"]
[Round "1"]
[White "Ditto"]
[Black "Logout"]
[WhiteElo "1850"]
[BlackElo "2060"]
[Result "1-0"]
[Round "1"]
1.d4 d5
2.Ng1f3 Nb8c6
3.Bc1f4 Ng8f6
4.e3 e6
5.Bf1b5 Bc8d7
6.Nb1c3 Bf8e7
7.Qd1d2 Nc6a5
8.Bb5d3 b6
9.O-O Na5b7
10.Bf4e5 c5
11.dxc5 bxc5
12.Rf1e1 c4
13.Bd3f1 O-O
14.Bf1e2 Nb7d6
15.b3 cxb3
16.axb3 Nd6e4
17.Nc3xe4 Nf6xe4
18.Qd2d4 Be7f6
19.Be2d3 Bf6xe5
20.Qd4xe5 Bd7c6
21.Nf3d4 Bc6d7
22.Bd3xe4 dxe4
23.Re1d1 Qd8e7
24.Qe5xe4 Qe7f6
25.Nd4f3 Bd7b5
26.c4 Bb5xc4
27.Qe4xc4 Rf8c8
28.Qc4g4 Qf6c3
29.Nf3d4 a5
30.Ra1b1 a4
31.bxa4 Ra8xa4
32.Qg4g3 Ra4b4
33.Rb1xb4 Qc3xb4
34.Nd4e2 Qb4b3
35.Rd1f1 Qb3d3
36.Ne2f4 Qd3d2
37.Nf4h5 g6
38.Nh5f6 Kf8
39.h3 Rc8c1
40.Nf6xh7 Kg7
41.Nh7g5 Rc1xf1
42.Kh2 Qd2c1
43.Qg3e5 f6
44.Ng5xe6 Kh6
45.Qe5f4 g5
46.Qf4xf6 Kh5
47.Qf6xg5 
1-0

[Event "Match"]
[Site "www.echecsemail.com"]
[Date "2019.08.21"]
[Round "1"]
[White "Stevep84"]
[Black "Jesmantiz"]
[WhiteElo "2310"]
[BlackElo "2120"]
[Result "0-1"]
[Round "1"]
1.e4 d6
2.d4 c6
3.Nb1c3 g6
4.Ng1f3 Bf8g7
5.Bf1e2 h6
6.Bc1e3 e6
7.Qd1d2 Ng8e7
8.O-O g5
9.h3 Ne7g6
10.Ra1d1 O-O
11.Nf3h2 Nb8d7
12.f4 gxf4
13.Be3xf4 Ng6xf4
14.Qd2xf4 e5
15.dxe5 Nd7xe5
16.Nh2g4 Bc8xg4
17.Be2xg4 Qd8b6
18.Qf4f2 Qb6xb2
19.Nc3e2 Ra8d8
20.Ne2g3 c5
21.Ng3h5 Ne5xg4
22.hxg4 Bg7d4
23.Rd1xd4 Qb2xd4
24.Nh5f6 Kh8
25.Nf6h5 Qd4xf2
26.Rf1xf2 Rd8e8
27.Rf2f6 Re8e6
28.Kf2 Re6xf6
29.Nh5xf6 Kg7
30.Nf6d5 b5
31.Kf3 a5
32.Nd5e7 b4
33.Ne7f5 Kg6
34.Nf5xd6 Rf8a8
35.Nd6c4 a4
36.g3 f6
37.Kf4 Ra8d8
38.Nc4e3 Rd8d2
39.Kf3 Kg5
40.e5 fxe5
41.Ke4 Rd2e2
42.Kf3 Re2e1
43.Kf2 Re1c1
44.Kf3 Rc1a1
45.Ne3d5 Ra1xa2
46.c3 bxc3
47.Nd5xc3 Ra2a3
{ resign }
0-1

[Event "Tourn. n10193"]
[Site "www.echecsemail.com"]
[Date "2019.08.21"]
[Round "1"]
[White "Apdash"]
[Black "Fantomas"]
[WhiteElo "2160"]
[BlackElo "2140"]
[Result "1-0"]
[Round "1"]
1.e4 e6
2.d4 d5
3.exd5 exd5
4.Ng1f3 Bc8g4
5.Bf1e2 h6
6.O-O Ng8f6
7.Nf3e5 Bg4f5
8.Rf1e1 Bf8e7
9.c4 c6
10.Nb1c3 Bf5e6
11.cxd5 Nf6xd5
12.Be2h5 O-O
13.Qd1f3 Nd5f6
14.h3 Nf6xh5
15.Qf3xh5 Nb8d7
16.f4 Nd7f6
17.Qh5d1 b6
18.Ne5xc6 Qd8d7
19.Nc6xe7 { resign }
1-0

[Event "Tourn. n10188"]
[Site "www.echecsemail.com"]
[Date "2019.08.21"]
[Round "1"]
[White "Galiany17"]
[Black "Sociopath"]
[WhiteElo "2360"]
[BlackElo "2790"]
[Result "0-1"]
[Round "1"]
1.d4 Ng8f6
2.c4 g6
3.Nb1c3 Bf8g7
4.e4 d6
5.f4 O-O
6.Ng1f3 c5
7.Bf1e2 cxd4
8.Nf3xd4 Nb8c6
9.Bc1e3 Bc8g4
10.Nd4xc6 Bg4xe2
11.Nc6xd8 Be2xd1
12.Ra1xd1 Rf8xd8
13.Be3d4 Nf6d7
14.Bd4xg7 Kxg7
15.Kf2 h5
16.Nc3d5 Kf8
17.Rh1e1 Ra8b8
18.b3 Rd8c8
19.Nd5c3 f6
20.Rd1c1 Kf7
21.g3 a6
22.Nc3d5 Nd7c5
23.Ke3 f5
24.Nd5c3 b5
25.exf5 gxf5
26.Nc3e2 b4
27.Rc1d1 Kf6
28.Rd1d5 Rb8b6
29.Ne2c1 e6
30.Rd5d1 Nc5e4
31.Nc1e2 Rb6b7
32.Kf3 Rb7g7
33.Ne2d4 a5
34.Re1g1 a4
35.Rg1e1 Rg7d7
36.Nd4b5 d5
37.Re1e2 a3
38.Rd1d4 Rc8c5
39.Kg2 Rd7g7
40.Re2c2 h4
41.Rd4d3 Rg7g8
42.Nb5d4 dxc4
43.bxc4 Rg8c8
44.gxh4 Rc5xc4
45.Rc2xc4 Rc8xc4
46.h5 Ne4c3
{ resign }
0-1

[Event "Match"]
[Site "www.echecsemail.com"]
[Date "2019.08.21"]
[Round "1"]
[White "Riemis"]
[Black "Calponas"]
[WhiteElo "1809"]
[BlackElo "2060"]
[Result "0-1"]
[Round "1"]
1.e4 c5
2.Ng1f3 Nb8c6
3.Bf1b5 a6
4.Bb5xc6 dxc6
5.h3 Ng8f6
6.e5 Nf6d5
7.O-O Bc8f5
8.c3 Bf5d3
9.Rf1e1 c4
10.e6 f6
11.Nf3d4 Qd8d6
12.Qd1g4 O-O-O
13.b3 b5
14.bxc4 bxc4
15.Bc1a3 c5
16.Nd4f3 h5
17.Qg4g3 Nd5f4
18.Ba3xc5 Nf4e2
19.Re1xe2 Qd6xg3
20.fxg3 Bd3xe2
21.Nb1a3 h4
22.Nf3xh4 Be2d3
23.Ra1e1 Kc7
24.Nh4f3 Kc6
25.Bc5f2 Rh8h5
26.Nf3d4 Kc7
27.g4 Rh5a5
28.Na3c2 Bd3xc2
29.Nd4xc2 Rd8xd2
30.Nc2b4 g6
31.Bf2d4 Bf8g7
32.Kf1 Kd6
33.g5 Ra5f5
34.Kg1 Rf5xg5
35.g4 Rg5a5
36.Bd4b6 Ra5e5
37.Re1xe5 fxe5
38.Nb4xa6 Rd2xa2
39.Bb6c5 Kxe6
40.Na6c7 Kd7
41.Nc7d5 e6
42.Nd5e3 e4
43.Ne3xc4 Bg7xc3
44.Bc5e3 Kc6
45.h4 Ra2a4
46.Nc4d2 Bc3xd2
47.Be3xd2 e3
48.Bd2xe3 Ra4xg4
{ resign }
0-1

[Event "Match"]
[Site "www.echecsemail.com"]
[Date "2019.08.21"]
[Round "1"]
[White "Picifarkinca"]
[Black "Dussek"]
[WhiteElo "1750"]
[BlackElo "1920"]
[Result "0-1"]
[Round "1"]
1.e4 c6
2.d4 d5
3.Nb1c3 dxe4
4.f3 exf3
5.Ng1xf3 Bc8f5
6.Bf1c4 e6
7.O-O Ng8f6
8.Bc1g5 Nb8d7
 { time }
0-1

[Event "1/128 Finale"]
[Site "www.chess-mail.com"]
[Date "2019.08.21"]
[Round "1"]
[White "Vasylpuzanov"]
[Black "Reignblowcan"]
[WhiteElo "1340"]
[BlackElo "2630"]
[Result "0-1"]
[Round "1"]
1.d4 c6
2.c4 d5
3.cxd5 cxd5
4.Nb1c3 Bc8f5
5.Ng1f3 e6
6.e3 Nb8c6
7.Bf1d3 Bf5xd3
8.Qd1xd3 Ng8f6
9.a3 Bf8d6
10.h3 O-O
11.O-O a6
12.Bc1d2 Ra8c8
13.Ra1c1 h6
14.Rc1c2 Qd8e7
15.Rf1c1 Rf8d8
16.Nc3e2 Rc8c7
17.Bd2c3 Rd8c8
18.Kh1 Nf6e4
19.Kg1 f5
20.g3 g5
21.Kg2 f4
 { time }
0-1

[Event "1/128 Finale"]
[Site "www.chess-mail.com"]
[Date "2019.08.21"]
[Round "1"]
[White "Bigrezi"]
[Black "Picifarkinca"]
[WhiteElo "2130"]
[BlackElo "1750"]
[Result "1-0"]
[Round "1"]
1.e4 c6
2.d4 d5
3.exd5 cxd5
4.Ng1f3 Nb8c6
5.Bf1b5 Ng8f6
6.O-O e6
7.c4 Bf8e7
8.Nb1c3 dxc4
9.Bb5xc4 O-O
10.Bc1f4 a6
11.d5  { time }
1-0

[Event "Fast Game"]
[Site "www.echecsemail.com"]
[Date "2019.08.21"]
[Round "1"]
[White "Tonino1"]
[Black "Comrade"]
[WhiteElo "1830"]
[BlackElo "2029"]
[Result "0-1"]
[Round "1"]
1.f4 d5
2.d4 Ng8f6
3.e3 Bc8f5
4.Bf1d3 Nf6e4
5.c3 e6
6.Ng1f3 c5
7.O-O Bf8d6
8.Qd1e2 c4
9.Bd3c2 Nb8c6
10.Nf3e5 f6
11.Ne5xc6 bxc6
12.b3 cxb3
13.axb3 O-O
14.g4 Bf5g6
15.f5 Bg6f7
16.Bc2xe4 dxe4
17.fxe6 Bf7xe6
18.c4 f5
19.gxf5 Be6xf5
20.Nb1c3 Qd8g5
21.Qe2g2 Bf5h3
 { time }
0-1

[Event "Tourn. n10132"]
[Site "www.echecsemail.com"]
[Date "2019.08.22"]
[Round "1"]
[White "Pdebonis"]
[Black "Seger"]
[WhiteElo "2710"]
[BlackElo "2800"]
[Result "1/2-1/2"]
[Round "1"]
1.d4 Ng8f6
2.Bc1g5 d6
3.Bg5xf6 exf6
4.e3 g6
5.Ng1e2 h5
6.Nb1d2 c6
7.a3 Bf8g7
8.Ne2f4 a5
9.Bf1c4 f5
10.O-O Nb8d7
11.c3 h4
12.Qd1c2 a4
13.Bc4a2 Nd7f6
14.Ra1e1 d5
15.c4 g5
16.Nf4d3 h3
17.g3 O-O
18.cxd5 Nf6xd5
19.Nd2f3 Bc8e6
20.Nd3c5 Nd5b4
21.axb4 Be6xa2
22.Qc2xf5 Qd8d5
23.Qf5xd5 Ba2xd5
24.Nf3xg5 Bd5g2
25.Re1a1 Rf8e8
26.Rf1e1 b6
27.Nc5xa4 Bg7h6
28.Ng5xh3 Bg2xh3
29.Na4xb6 Ra8b8
30.Ra1a6 Bh6g5
31.Nb6c4 Re8c8
32.f4 Rb8xb4
33.Nc4d6 Rc8d8
34.Ra6xc6 { draw }
1/2-1/2

[Event "Match"]
[Site "www.echecsemail.com"]
[Date "2019.08.22"]
[Round "1"]
[White "Andychesston"]
[Black "Fereike"]
[WhiteElo "2010"]
[BlackElo "1610"]
[Result "1-0"]
[Round "1"]
1.e4 e6
2.d4 d5
3.exd5 exd5
4.Ng1f3 Bf8d6
5.Nb1c3 c6
6.Bc1g5 Qd8c7
7.Bg5h4 Bc8g4
8.Qd1e2 Ng8e7
9.Bh4xe7 Qc7xe7
10.Qe2xe7 Kxe7
11.Nf3e5  { time }
1-0

[Event "Tourn. n10177"]
[Site "www.echecsemail.com"]
[Date "2019.08.22"]
[Round "1"]
[White "Esperanza"]
[Black "Churrasca"]
[WhiteElo "1980"]
[BlackElo "1980"]
[Result "1-0"]
[Round "1"]
1.e4 c5
2.Ng1f3 d6
3.d4 cxd4
4.Nf3xd4 Ng8f6
5.Nb1c3 a6
6.f3 e6
7.Bc1e3 Bf8e7
8.Qd1d2 O-O
9.O-O-O Bc8d7
10.g4 Nb8c6
11.h4 b5
12.h5 Nc6xd4
13.Be3xd4 b4
14.Nc3e2 a5
15.g5 Nf6e8
16.g6 fxg6
17.hxg6 Rf8xf3
18.Rh1xh7 Ne8f6
19.Bf1g2 e5
20.Bg2xf3 exd4
21.Rh7h2 Nf6g4
22.Bf3xg4 Bd7xg4
23.Rd1h1 { resign }
1-0

[Event "Tourn. n10185"]
[Site "www.echecsemail.com"]
[Date "2019.08.22"]
[Round "1"]
[White "Asoka"]
[Black "Galiany17"]
[WhiteElo "2760"]
[BlackElo "2370"]
[Result "1-0"]
[Round "1"]
1.c4 e5
2.Nb1c3 Nb8c6
3.g3 g6
4.Bf1g2 Bf8g7
5.e3 d6
6.Ng1e2 Bc8e6
7.d4 Be6xc4
8.d5 Bc4xe2
9.Qd1xe2 Nc6b8
10.Qe2b5 Nb8d7
11.Qb5xb7 Ng8e7
12.O-O O-O
13.Qb7b5 Ra8b8
14.Qb5e2 f5
15.e4 fxe4
16.Nc3xe4 Ne7f5
17.b3 Nf5d4
18.Qe2d1 Nd7f6
19.Bc1g5 Qd8d7
20.Bg5xf6 Bg7xf6
21.Ra1c1 Bf6g7
22.Rc1c4 Bg7h6
23.h4 Rf8f7
24.Rc4a4 a6
25.Ra4xa6 Qd7b5
26.Ra6a4 Rb8f8
27.Kh1 Kh8
28.Ra4c4 Qb5a5
29.Qd1d3 Rf7e7
30.Ne4c3 Re7f7
31.Rc4a4 Qa5b6
32.Nc3e4 Bh6g7
33.Qd3d2 Qb6b8
34.Ne4g5 Rf7f6
35.Ra4c4 Qb8a7
36.Bg2e4 Qa7b8
37.Kg2 Bg7h6
38.f4 Qb8d8
39.Qd2d3 Qd8c8
40.a4 Qc8g4
41.Be4f3 Qg4f5
42.Qd3e4 Qf5xe4
43.Bf3xe4 Nd4xb3
44.Rc4xc7 Bh6xg5
45.hxg5 Rf6f7
46.Rc7xf7 Rf8xf7
47.fxe5 Rf7xf1
48.Kxf1 Kg8
49.exd6 Kf7
50.Be4g2 { resign }
1-0

[Event "Tourn. n10130"]
[Site "www.echecsemail.com"]
[Date "2019.08.22"]
[Round "1"]
[White "Passaroa25"]
[Black "Cal"]
[WhiteElo "1710"]
[BlackElo "1640"]
[Result "0-1"]
[Round "1"]
1.Nb1c3 e5
2.e4 a6
3.Ng1f3 d6
4.d3 h6
5.g3 Ng8f6
6.h3 Nb8c6
7.Bc1d2 Bf8e7
8.Bf1e2 Bc8e6
9.Be2f1 O-O
10.Bf1g2 b5
11.Nc3e2 a5
12.O-O Qd8d7
13.Nf3h4 Nc6d8
14.b3 Be6xh3
15.Bg2xh3 c5
16.Nh4f5 Nd8c6
17.Ra1b1 Nc6b4
18.Bd2xb4 axb4
19.Rb1a1 Kh7
20.f3 g6
21.Nf5h4 Qd7xh3
22.Kf2 Nf6h5
23.Ne2g1 Qh3xg3
24.Ke2 Nh5f4
25.Kd2 Qg3xh4
26.Qd1e1 Qh4g5
27.Kd1 Nf4g2
28.Ng1h3 Qg5h5
29.Qe1e2 Qh5xh3
30.Rf1f2 Ng2f4
31.Qe2f1 Qh3h5
32.Kc1 Be7h4
33.Rf2h2 g5
34.c4 bxc4
35.dxc4 f5
36.Kc2 fxe4
37.Rh2d2 e3
38.Rd2xd6 g4
39.Rd6d7 Rf8f7
40.Rd7xf7 Qh5xf7
41.fxg4 Bh4g5
42.Qf1f3 Ra8d8
43.Qf3e4 Kg7
44.Ra1d1 Rd8xd1
45.Kxd1 e2
46.Ke1 Nf4d3
47.Kxe2 Qf7f2
48.Kxd3 Qf2d2

0-1

[Event "Tourn. n10154"]
[Site "www.echecsemail.com"]
[Date "2019.08.22"]
[Round "1"]
[White "Fegatux"]
[Black "Ejner"]
[WhiteElo "2320"]
[BlackElo "2530"]
[Result "0-1"]
[Round "1"]
1.d4 d5
2.c4 e6
3.Ng1f3 c5
4.cxd5 exd5
5.g3 Nb8c6
6.Bf1g2 Ng8f6
7.O-O Bf8e7
8.Nb1c3 O-O
9.Bc1g5 cxd4
10.Nf3xd4 h6
11.Bg5c1 Rf8e8
12.a3 Bc8g4
13.h3 Bg4h5
14.Qd1a4 Qd8b6
15.e3 Ra8d8
16.Qa4b5 Be7c5
17.Qb5xb6 Bc5xb6
18.Nd4xc6 bxc6
19.Nc3a4 Nf6e4
20.Na4xb6 axb6
21.g4 Bh5g6
22.b4 c5
23.Bc1b2 d4
24.Bg2xe4 Bg6xe4
25.bxc5 bxc5
26.exd4 cxd4
27.f3 Be4a8
 { time }
0-1

[Event "Tourn. n10161"]
[Site "www.echecsemail.com"]
[Date "2019.08.22"]
[Round "1"]
[White "Galiany17"]
[Black "Ditto"]
[WhiteElo "1799"]
[BlackElo "1880"]
[Result "1-0"]
[Round "1"]
1.e4 e5
2.Ng1f3 Nb8c6
3.d4 d6
4.Bf1b5 Bc8g4
5.dxe5 dxe5
6.Qd1d5 Ng8e7
7.Qd5xe5 a6
8.Bb5xc6 bxc6
9.Bc1e3 Ra8b8
10.Nb1d2 Rb8b5
11.Qe5c3 Qd8d7
12.a4 Rb5b8
13.Nf3e5 Qd7e6
14.h3 Bg4h5
15.Ne5d3 Ne7g6
16.g4 Bh5xg4
17.hxg4 Bf8e7
18.g5 Be7b4
19.Nd3xb4 O-O
20.Nb4xa6 Rb8b7
21.Na6c5 Qe6c8
22.Nc5xb7 Qc8xb7
23.Be3d4 f6
24.Qc3c4 Kh8
25.gxf6 gxf6
26.Qc4c3 Kg8
27.Ra1a3 Qb7a6
28.Qc3h3 Rf8f7
29.Ra3g3 Qa6a5
30.Rg3xg6 Kf8
31.Qh3c8 Ke7
32.Rg6g8 Kd6
33.Rg8d8 { resign }
1-0

[Event "Tourn. n10176"]
[Site "www.echecsemail.com"]
[Date "2019.08.22"]
[Round "1"]
[White "Orhany24"]
[Black "Apdash"]
[WhiteElo "2180"]
[BlackElo "2190"]
[Result "0-1"]
[Round "1"]
1.e4 c5
2.Ng1f3 d6
3.d4 cxd4
4.Nf3xd4 Nb8c6
5.Nd4xc6 bxc6
6.c4 g6
7.Nb1c3 Bf8g7
8.Bf1d3 Ng8f6
9.O-O O-O
10.h3 Bc8b7
11.Bc1e3 e5
12.Qd1c2 Qd8d7
13.Ra1d1 a6
14.f4 exf4
15.Be3xf4 Nf6h5
16.Bf4h2 Ra8d8
17.Bd3e2 Qd7e7
18.Be2g4 Nh5f6
19.Bg4f3 Rd8d7
20.Rf1e1 Rf8d8
21.e5 dxe5
22.Rd1xd7 Rd8xd7
23.Re1xe5 Qe7b4
24.b3 h5
25.Nc3e4 Qb4e1

0-1

[Event "Tourn. n10140"]
[Site "www.echecsemail.com"]
[Date "2019.08.22"]
[Round "1"]
[White "Picifarkinca"]
[Black "Cal"]
[WhiteElo "1800"]
[BlackElo "1620"]
[Result "0-1"]
[Round "1"]
1.g4 d5
2.e3 e5
3.c4 h6
4.Bf1g2 c6
5.cxd5 cxd5
6.Nb1c3 Ng8f6
7.h3 Bf8b4
8.Qd1b3 a5
9.Nc3xd5 O-O
10.a3 Bb4c5
11.Nd5xf6 Qd8xf6
12.Bg2xb7 Ra8a7
13.Bb7g2 Nb8c6
14.Ng1e2 Ra7b7
15.Qb3c4 Bc5a7
16.Qc4xc6 Qf6h4
17.Ne2g3 Ba7b8
18.Ng3f5 Qh4g5
19.Qc6xb7 Bc8xb7
20.Bg2xb7 Bb8a7
21.Bb7f3 Rf8d8
22.O-O Ba7c5
23.d4 exd4
24.exd4 Qg5f6
25.dxc5 Rd8c8
26.Bc1e3 Qf6xb2
27.Nf5e7 Kh7
28.Ne7xc8 g6
29.Nc8d6 Qb2c3
30.Rf1c1 Qc3e5
 { time }
0-1

[Event "Match"]
[Site "www.echecsemail.com"]
[Date "2019.08.22"]
[Round "1"]
[White "Whitekknight"]
[Black "Tbsundar"]
[WhiteElo "1920"]
[BlackElo "2140"]
[Result "0-1"]
[Round "1"]
1.e4 e5
2.Ng1f3 Nb8c6
3.Bf1c4 Ng8f6
4.Nf3g5 d5
5.exd5 Nc6a5
6.Qd1e2 Bf8d6
7.h3 O-O
8.Bc4d3 h6
9.c4 hxg5
10.Nb1c3 c6
11.Nc3e4 Nf6xe4
12.Qe2xe4 f5
13.Qe4e2 e4
14.Bd3c2 cxd5
15.cxd5 Bc8d7
16.a3 Ra8c8
17.d3 exd3
18.Qe2xd3 Rf8e8
19.Kf1 a6
20.g3 Bd7b5
{ resign }
0-1

[Event "Tourn. n10182"]
[Site "www.echecsemail.com"]
[Date "2019.08.22"]
[Round "1"]
[White "Churrasca"]
[Black "Andychesston"]
[WhiteElo "1980"]
[BlackElo "1990"]
[Result "1-0"]
[Round "1"]
1.e4 e5
2.Ng1f3 Nb8c6
3.Bf1c4 Bf8e7
4.d4 d6
5.Nb1c3 Bc8g4
6.O-O Ng8f6
7.dxe5 Nc6xe5
8.Bc4e2 O-O
9.h3 Bg4xh3
10.gxh3 Qd8d7
11.Kh2  { time }
1-0

[Event "Tourn. n10182"]
[Site "www.echecsemail.com"]
[Date "2019.08.22"]
[Round "1"]
[White "Bojan"]
[Black "Andychesston"]
[WhiteElo "1950"]
[BlackElo "1990"]
[Result "1-0"]
[Round "1"]
1.e4 e5
2.Ng1f3 Nb8c6
3.Bf1c4 Bf8e7
4.d4 d6
5.Bc1e3 Bc8g4
6.d5 Nc6a5
7.Bc4d3 b6
8.h3 Bg4c8
9.Qd1d2 c6
10.b4 Bc8b7
11.bxa5 c5
12.a6 Bb7c8
13.a4  { time }
1-0

[Event "Tourn. n10158"]
[Site "www.echecsemail.com"]
[Date "2019.08.22"]
[Round "1"]
[White "Sorim"]
[Black "Orhany24"]
[WhiteElo "2230"]
[BlackElo "2120"]
[Result "1-0"]
[Round "1"]
1.d4 d5
2.c4 c6
3.Ng1f3 Ng8f6
4.Nb1c3 Bc8f5
5.Nf3h4 Bf5d7
6.e3 e6
7.Bf1d3 Bf8e7
8.O-O O-O
9.f4 h6
10.Nh4f3 Nf6h7
11.Qd1c2 f5
12.Nf3e5 Nh7f6
13.Qc2f2 Nf6e4
14.Nc3xe4 fxe4
15.Bd3e2 Bd7e8
16.Be2g4 Be8d7
17.Qf2g3 Be7h4
18.Qg3h3 Bh4f6
19.Bg4xe6 Bd7xe6
20.Qh3xe6 Kh7
21.b3 Bf6xe5
22.dxe5 Nb8a6
23.Bc1a3 Rf8e8
24.Qe6f5 Kh8
25.Ra1d1 Qd8a5
26.Ba3d6 Ra8d8
27.cxd5 cxd5
28.a4 Qa5b6
29.Qf5h3 Na6b4
30.f5 Rd8xd6
31.exd6 Qb6xd6
32.f6 Re8f8
33.fxg7 Kxg7
34.Qh3g4 Kh7
35.Rf1xf8 Qd6xf8
36.Rd1f1 Qf8e7
37.Qg4f5 Kh8
38.Qf5f8 Qe7xf8
39.Rf1xf8 Kg7
40.Rf8b8 { resign }
1-0

[Event "Tourn. n10167"]
[Site "www.echecsemail.com"]
[Date "2019.08.22"]
[Round "1"]
[White "Picifarkinca"]
[Black "Galiany17"]
[WhiteElo "1940"]
[BlackElo "2089"]
[Result "0-1"]
[Round "1"]
1.d4 Ng8f6
2.Bc1g5 d5
3.Bg5xf6 exf6
4.e3 c5
5.c3 Nb8c6
6.Ng1f3 Bc8e6
7.Nb1d2 c4
8.Bf1e2 Bf8e7
9.O-O O-O
10.e4 b5
11.exd5 Be6xd5
12.a4 a6
13.axb5 axb5
14.Ra1xa8 Qd8xa8
15.Qd1a1 Be7d6
16.b4 Rf8e8
17.Qa1d1 h6
18.Rf1e1 f5
19.Be2f1 Nc6e7
20.Nf3e5 Qa8b7
21.f4 Re8a8
22.Qd1h5 Ra8a3
23.Nd2xc4 bxc4
24.Ne5xc4 Bd5xc4
25.Bf1xc4 Kh7
 { time }
0-1

[Event "Tourn. n10174"]
[Site "www.echecsemail.com"]
[Date "2019.08.22"]
[Round "1"]
[White "Jerome"]
[Black "Fantomas"]
[WhiteElo "2420"]
[BlackElo "2210"]
[Result "1-0"]
[Round "1"]
1.e4 c5
2.Ng1f3 d6
3.d4 cxd4
4.Nf3xd4 Nb8c6
5.Nb1c3 Bc8d7
6.Bc1e3 Ng8f6
7.f3 e6
8.Qd1d2 a6
9.g4 h6
10.O-O-O Qd8c7
11.h4 Nf6h7
12.g5 h5
13.f4 Nc6e7
14.f5 e5
15.Nd4f3 Ne7c8
16.Nc3d5 Qc7c6
17.Kb1 Nc8e7
18.Nd5b6 Ra8d8
19.Bf1c4 Ne7c8
20.g6 Nh7f6
21.gxf7 Ke7
22.Nf3xe5 { resign }
1-0

[Event "Tourn. n10157"]
[Site "www.echecsemail.com"]
[Date "2019.08.23"]
[Round "1"]
[White "Odin"]
[Black "Andychesston"]
[WhiteElo "1810"]
[BlackElo "1970"]
[Result "1-0"]
[Round "1"]
1.d4 d5
2.c4 Ng8f6
3.Ng1f3 Bc8f5
4.Bc1g5 Nf6e4
5.Bg5e3 e6
6.cxd5 Qd8xd5
7.Nb1d2 Bf8b4
8.a3 Bb4xd2
9.Nf3xd2 O-O
10.f3 Ne4d6
11.Be3f2 Bf5g6
12.e4 Qd5g5
13.Bf2g3 Qg5e3
14.Bf1e2 Qe3xd4
15.Ra1b1 Nb8c6
16.Nd2b3 Qd4b6
17.Bg3f2 Qb6xf2
18.Kxf2 Ra8d8
19.Qd1c1 f5
20.Nb3c5 Rf8f6
{ time. }
1-0

[Event "Tourn. n10157"]
[Site "www.echecsemail.com"]
[Date "2019.08.23"]
[Round "1"]
[White "Argento"]
[Black "Odin"]
[WhiteElo "1799"]
[BlackElo "1810"]
[Result "1-0"]
[Round "1"]
1.e4 e6
2.d4 d5
3.Nb1c3 Ng8f6
4.e5 Nf6e4
5.Nc3xe4 dxe4
6.Bf1c4 b6
7.Bc1e3 Nb8c6
8.c3 Bc8b7
9.Bc4b5 Qd8d5
10.c4 Qd5d8
11.d5 Bf8b4
12.Kf1 exd5
13.cxd5 a6
14.dxc6 axb5
15.Qd1xd8 Ra8xd8
16.cxb7 O-O
17.f4 Bb4d2
18.b8Q Bd2xe3
19.Qb8xc7 Rd8d2
20.Ng1e2 Rf8d8
21.Ke1 Rd8d7
22.Qc7xd7 Rd2xd7
23.Ra1d1 Rd7d3
24.Rh1f1 h6
25.Ne2c3 Be3c5
26.Rd1xd3 exd3
27.Kd2 b4
28.Nc3a4 g5
29.Na4xc5 bxc5
30.Kxd3 Kf8
31.f5 Ke7
32.Kc4 Kd7
33.Kxc5 b3
34.a4 Kc7
35.Rf1d1 g4
36.e6 fxe6
37.fxe6 { resign }
1-0